000 00508nam a2200181Ia 4500
005 20250326123640.0
008 250326s9999 xx 000 0 und d
037 _aTextbook
040 _aFMSL
_beng
_cFMSL
041 _aeng
_2eng
084 _aB33 K2
_qFMSL
100 _aWilcox L R
_9735716
245 0 _aElemantary diffrential equations
_cWilcox L R; Curtis H J
260 _aUSA
_bUSA, International text book
_c1961
300 _a273p
942 _cTB
_hB33 K2
999 _c1270323
_d1270323